Najgęściej zaludnione miasta woj.kujawsko-pomorskiego - Statystyki

Ogólne statystyki
  • Ten quiz został rozwiązany 7 razy
  • Średni wynik to 8 z 13
Statystyki odpowiedzi
Gęstość zaludnienia (os/km²) Miasto % Poprawnych
1866 Bydgoszcz
100%
1542 Grudziądz
100%
2227 Inowrocław
100%
1687 Toruń
100%
1586 Aleksandrów Kujawski
86%
1577 Nakło nad Notecią
57%
1572 Żnin
57%
1756 Chełmża
43%
1519 Golub-Dobrzyń
43%
1520 Wąbrzeźno
43%
1888 Barcin
29%
1560 Nowe
29%
1519 Łabiszyn
14%
Nie znaleziono quizów pasujących do podanych kryteriów
Rozkład punktacji
Procent ludzi z każdym wynikiem
Percentyl według liczby udzielonych odpowiedzi
Twoja historia wyników
Nie rozwiązałeś tego quizu